000 00754nam a2200193Ia 4500
008 090123s9999 xx 000 0 und d
082 _b35334
_a891.463/रोलिंग
100 _aरोलिंग जे.के.
245 _aहॅरि पॉटर आणि गुपितांचे दालन
250 _a2
260 _bपुष्प प्रकाशन
_c2003
300 _a296
600 _aरोलिंग जे.के.
630 _aहॅरि पॉटर आणि गुपितांचे दालन
700 _aरोलिंग जे.के.
700 _aशुक्ल विकास
730 _aहॅरि पॉटर आणि गुपितांचे दालन
942 _cBOOK
999 _c73394
_d73394